The History of Buddhist Thought /
Buddhism and its history are the most revolutionary things which happened in the world history. Buddha and his teaching proved to be an inspiration for many, including Dr. B.R. Ambedkar. The History of Buddhist Thought covers literatures on the Buddhist philosophy. The book talks about the Early San...
Main Author:
Format: eBook
Language: English
Published:
Leiden ; Boston :
Brill | Manohar Publishers & Distributors,
2024.
Subjects:
Online Access: Login to view Source
Tags: Add Tag
Call Number: DS1 .A4915
| LEADER | 03404nam a22004338i 4500 | ||
|---|---|---|---|
| 001 | BRILL9789004752887 | ||
| 003 | nllekb | ||
| 005 | 20251116180212.0 | ||
| 006 | m d | ||
| 007 | cr un uuuua | ||
| 008 | 251031s2024 gw sb 001 0 eng d | ||
| 020 | |a 9789004752887 |q (electronic book) | ||
| 020 | |z 9789360808679 |q (print) | ||
| 024 | 7 | |a 10.1163/9789004752887 |2 DOI | |
| 040 | |a NL-LeKB |c NL-LeKB |e rda | ||
| 041 | |a eng | ||
| 050 | 4 | |a DS1 .A4915 | |
| 072 | 7 | |a JF |2 bicssc | |
| 072 | 7 | |a SOC |x 0026000 |2 bisacsh | |
| 082 | 0 | 4 | |a 950.08 A83296 |2 23 |
| 100 | 1 | |a Thomas, Edward J., |e author. | |
| 245 | 1 | 0 | |a The History of Buddhist Thought / |c Edward J. Thomas. |
| 264 | 1 | |a Leiden ; |a Boston : |b Brill | Manohar Publishers & Distributors, |c 2024. | |
| 264 | 4 | |c ©2024 | |
| 300 | |a 1 online resource (340 pages) : |b illustrations. | ||
| 336 | |a text |b txt |2 rdacontent | ||
| 337 | |a computer |b c |2 rdamedia | ||
| 338 | |a online resource |2 rdacarrier | ||
| 504 | |a Includes bibliographical references and index. | ||
| 505 | 0 | |t Preliminary Material / |r Edward J. Thomas -- Introduction / |r Edward J. Thomas -- The Ascetic Ideal / |r Edward J. Thomas -- The Councils: Early Schools / |r Edward J. Thomas -- Early Doctrine: Yoga / |r Edward J. Thomas -- Causation / |r Edward J. Thomas -- The Background of Buddhism / |r Edward J. Thomas -- Brahminism and the Upanishads / |r Edward J. Thomas -- Dogma and Philosophy: The Soul / |r Edward J. Thomas -- Karma / |r Edward J. Thomas -- Release and Nirvāṇa / |r Edward J. Thomas -- Buddha / |r Edward J. Thomas -- Developments in Abhidhamma / |r Edward J. Thomas -- Development Of The Doctrine: The Buddhas / |r Edward J. Thomas -- The Lotus of the True Doctrine / |r Edward J. Thomas -- Popular Bodhisattva Doctrine / |r Edward J. Thomas -- The Bodhisattva's Career / |r Edward J. Thomas -- The Doctrine of the Void / |r Edward J. Thomas -- The Doctrine of Consciousness Only: The Three Bodies: Tantrism / |r Edward J. Thomas -- Buddhism and Modern Thought / |r Edward J. Thomas -- The Scriptures / |r Edward J. Thomas -- The Eighteen Schools / |r Edward J. Thomas -- Bibliography / |r Edward J. Thomas -- Index / |r Edward J. Thomas. | |
| 520 | |a Buddhism and its history are the most revolutionary things which happened in the world history. Buddha and his teaching proved to be an inspiration for many, including Dr. B.R. Ambedkar. The History of Buddhist Thought covers literatures on the Buddhist philosophy. The book talks about the Early Sangha literature, which comprises the Early Buddhist corpus available on Buddha. The relationship between the Buddhism and Brahmanism is an interesting aspect, even though Buddhism was presented as a critic of the Hindu religion. However, the important themes that are touched in this volume is the concept of Buddhahood, Bodhisattva, concept of voidness and consciousness, and the stage of nirvana, which is another important aspect in Buddhist religion. And finally, it covers the interaction between Buddhism and modern thought. | ||
| 546 | |a English | ||
| 588 | |a Description based on print version record. | ||
| 650 | 0 | |a Asian Studies. | |
| 650 | 0 | |a Social Sciences. | |
| 776 | 0 | 8 | |i Print version: |t The History of Buddhist Thought. |d Leiden ; Boston : Brill | Manohar Publishers & Distributors, 2024. |z 9789360808679 |w (OCoLC)1438918341 |
| 856 | 4 | |z DOI: |u http://dx.doi.org/10.1163/9789004752887 | |
| 942 | |2 lcc |c EBOOK | ||
| 999 | |c 61551 |d 61551 | ||
